000 00325 a2200157 4500
001 75262
020 _a851603139-x
040 _cAnchieta - Colégio São Paulo
100 _aFurnari, Eva
240 1 0 _aTartufo
_lpor
245 1 0 _aTartufo
300 _a32
362 0 _a2002
650 4 _aLiteratura infantil
942 _cBK
999 _c75262
_d75262